[Event "8. Wunsiedel Schach-Festival Meisterturn"]
[Site "Wunsiedel"]
[Date "2014.05.31"]
[Round "6.6"]
[White "Schmidt, Raul"]
[Black "Miezis, Normunds"]
[Result "0-1"]
[WhiteElo "2356"]
[BlackElo "2564"]
[PlyCount "72"]
[EventDate "2014.05.29"]

1. Nf3 c5 2. c4 Nc6 3. d4 cxd4 4. Nxd4 f5 5. Nc3 g6 6. e3 Bg7 7. Be2 d6 8. O-O
Nf6 9. b3 O-O 10. Bb2 Bd7 11. Bf3 Rb8 12. Nd5 Ne8 13. Nf4 Nxd4 14. exd4 Nc7 15.
Re1 Re8 16. Qc2 e5 17. dxe5 dxe5 18. Nd5 e4 19. Bxg7 Kxg7 20. Qc3+ Kf7 21. Be2
Nxd5 22. cxd5 Rc8 23. Qe3 Qb6 24. Qh6 Kg8 25. Bc4 Qd6 26. a4 a6 27. h4 Kh8 28.
h5 Rg8 29. Re3 Qe5 30. Rae1 Rg7 31. f3 gxh5 32. Qxh5 Rcg8 33. Bf1 Qd4 34. Qh4
Rg3 35. R1e2 Rxf3 36. Rf2 Rxe3 0-1

[Event "8. Wunsiedel Schach-Festival Meisterturn"]
[Site "Wunsiedel"]
[Date "2014.05.31"]
[Round "6.7"]
[White "Van Den Doel, Erik"]
[Black "Baldauf, Marco"]
[Result "1/2-1/2"]
[WhiteElo "2551"]
[BlackElo "2407"]
[PlyCount "97"]
[EventDate "2014.05.29"]

1. e4 e5 2. Bc4 Nc6 3. d3 Nf6 4. Nc3 Bc5 5. Bg5 h6 6. Bh4 d6 7. Na4 Bb6 8. Nxb6
axb6 9. f3 Be6 10. Ne2 Qe7 11. Nc3 Nd4 12. O-O Bxc4 13. dxc4 g5 14. Bf2 Ne6 15.
Qd2 O-O 16. Nd1 Nh5 17. Ne3 Nhg7 18. a4 f5 19. exf5 Nxf5 20. a5 Nxe3 21. Bxe3
bxa5 22. Rxa5 b6 23. Rxa8 Rxa8 24. Qd3 Qh7 25. Qd5 Re8 26. Rf2 Qf7 27. Qe4 Qh7
28. Qc6 Rd8 29. b4 Qd7 30. Qe4 Qh7 31. Qd5 Qf7 32. c3 Nf4 33. Bxf4 Qxd5 34.
cxd5 gxf4 35. Ra2 Kf7 36. Kf2 Ke7 37. Ke2 Rg8 38. Kd3 b5 39. c4 bxc4+ 40. Kxc4
h5 41. b5 Rb8 42. Ra7 Kd7 43. h4 Kd8 44. Kb4 Kd7 45. Ka5 Kd8 46. Ra6 Kd7 47.
Ra7 Kd8 48. Ra6 Kd7 49. Ra7 1/2-1/2

[Event "8. Wunsiedel Schach-Festival Meisterturn"]
[Site "Wunsiedel"]
[Date "2014.05.31"]
[Round "6.8"]
[White "Maiwald, Jens-Uwe"]
[Black "Troyke, Christian"]
[Result "1/2-1/2"]
[WhiteElo "2474"]
[BlackElo "2332"]
[PlyCount "47"]
[EventDate "2014.05.29"]

1. d4 g6 2. Nf3 Bg7 3. c4 Nf6 4. Nc3 O-O 5. Bg5 c5 6. d5 d6 7. e3 h6 8. Bh4 Na6
9. Nd2 Nc7 10. Be2 Rb8 11. a4 b6 12. O-O a6 13. e4 e5 14. dxe6 Nxe6 15. f4 Bb7
16. Kh1 g5 17. fxg5 hxg5 18. Bg3 Nd4 19. Bd3 Qe7 20. Re1 Rfe8 21. Nf1 Rbd8 22.
Rb1 Qd7 23. Qd2 Qg4 24. Ne3 1/2-1/2

[Event "8. Wunsiedel Schach-Festival Meisterturn"]
[Site "Wunsiedel"]
[Date "2014.05.31"]
[Round "6.9"]
[White "Cech, Pavel"]
[Black "Henrich, Thomas"]
[Result "1-0"]
[WhiteElo "2427"]
[BlackElo "2242"]
[PlyCount "61"]
[EventDate "2014.05.29"]

1. e4 e6 2. d4 d5 3. Nd2 Nf6 4. e5 Nfd7 5. Bd3 c5 6. c3 Nc6 7. Ngf3 Be7 8. O-O
g5 9. dxc5 g4 10. Nd4 Ndxe5 11. Bb5 Bd7 12. N2b3 Rg8 13. f4 Nxd4 14. Bxd7+ Qxd7
15. Nxd4 Nc6 16. b4 a5 17. f5 axb4 18. fxe6 fxe6 19. Nxc6 Qxc6 20. cxb4 b6 21.
Qc2 Rg6 22. Be3 bxc5 23. Bxc5 Ra4 24. Rac1 Bxc5+ 25. bxc5 Rc4 26. Qf2 Rxc1 27.
Qf8+ Kd7 28. Rxc1 e5 29. Rb1 Rf6 30. Qg7+ Kc8 31. Qa7 1-0

[Event "8. Wunsiedel Schach-Festival Meisterturn"]
[Site "Wunsiedel"]
[Date "2014.05.31"]
[Round "6.10"]
[White "Rambaldi, Francesco"]
[Black "Lorenz, Mark"]
[Result "1-0"]
[WhiteElo "2413"]
[BlackElo "2242"]
[PlyCount "63"]
[EventDate "2014.05.29"]

1. d4 Nf6 2. c4 e6 3. Nc3 Bb4 4. Qc2 c5 5. dxc5 Bxc5 6. Nf3 Qb6 7. e3 Qc7 8. a3
Be7 9. Be2 a6 10. O-O b6 11. b4 Bb7 12. Bb2 d6 13. Rac1 Nbd7 14. Nd2 O-O 15. f4
Rfc8 16. Qb1 Qd8 17. g4 Nf8 18. g5 N6d7 19. Nde4 d5 20. cxd5 exd5 21. Ng3 f6
22. Bf3 Rxc3 23. Bxc3 fxg5 24. Qf5 gxf4 25. Bxd5+ Bxd5 26. Qxd5+ Kh8 27. Nh5
Nf6 28. Qxd8 Rxd8 29. Nxf6 Bxf6 30. Bxf6 gxf6 31. Rxf4 Rd6 32. Rd4 1-0

[Event "8. Wunsiedel Schach-Festival Meisterturn"]
[Site "Wunsiedel"]
[Date "2014.05.31"]
[Round "6.11"]
[White "Köpke, Christian"]
[Black "Drache, Georg"]
[Result "1-0"]
[WhiteElo "2329"]
[BlackElo "1945"]
[PlyCount "45"]
[EventDate "2014.05.29"]

1. e4 e6 2. d4 d5 3. Nc3 Bb4 4. exd5 exd5 5. Bd3 Nc6 6. a3 Bxc3+ 7. bxc3 Nge7
8. Qf3 Be6 9. Ne2 Qd7 10. O-O Bf5 11. Ng3 Bxd3 12. cxd3 O-O 13. a4 Ng6 14. Nh5
f6 15. Re1 Nce7 16. Ba3 Nh4 17. Qg3 Nhf5 18. Qg4 Ng6 19. Bxf8 Rxf8 20. Ng3 Ngh4
21. Re2 g6 22. Nxf5 Nxf5 23. Qf4 1-0

[Event "8. Wunsiedel Schach-Festival Meisterturn"]
[Site "Wunsiedel"]
[Date "2014.05.31"]
[Round "6.12"]
[White "Löw, Gerald"]
[Black "Stips, Felix"]
[Result "1/2-1/2"]
[WhiteElo "2200"]
[BlackElo "2312"]
[PlyCount "88"]
[EventDate "2014.05.29"]

1. c4 c6 2. g3 d5 3. Bg2 Nf6 4. Nf3 g6 5. b3 d4 6. Bb2 c5 7. b4 Nc6 8. b5 Na5
9. d3 Bg7 10. e3 dxe3 11. fxe3 Bf5 12. e4 Bg4 13. Qe2 O-O 14. Nbd2 Ne8 15. e5
Nc7 16. h3 Bf5 17. Ne4 Ne6 18. O-O a6 19. Bc3 axb5 20. cxb5 Qd7 21. Rab1 Rfd8
22. Rfd1 b6 23. Nf2 Nc7 24. g4 Be6 25. d4 c4 26. Ne4 Bd5 27. Bb4 Bxe4 28. Qxe4
Nd5 29. Ng5 f5 30. Qxd5+ Qxd5 31. Bxd5+ Rxd5 32. Bxe7 c3 33. Rbc1 Rc8 34. Rd3
Bxe5 35. Nf3 Bf4 36. Rcxc3 Rxc3 37. Rxc3 Rxb5 38. Rc2 Kf7 39. Bg5 fxg4 40. Bxf4
gxf3 41. Kf2 Rf5 42. Bc7 Nb7 43. Be5 Nd8 44. Rb2 Nc6 1/2-1/2

[Event "8. Wunsiedel Schach-Festival Meisterturn"]
[Site "Wunsiedel"]
[Date "2014.05.31"]
[Round "6.13"]
[White "Maurer, Jochen"]
[Black "Grimm, Julius"]
[Result "1/2-1/2"]
[WhiteElo "2269"]
[BlackElo "1939"]
[PlyCount "43"]
[EventDate "2014.05.29"]

1. e4 c6 2. d4 d5 3. exd5 cxd5 4. c4 Nf6 5. Nc3 Nc6 6. Bg5 dxc4 7. Nf3 h6 8.
Bxf6 exf6 9. Bxc4 Bd6 10. O-O O-O 11. h3 Bf5 12. Bd3 Qd7 13. Bxf5 Qxf5 14. Qb3
Na5 15. Qa4 Rfc8 16. Nb5 Nc4 17. Rac1 a6 18. Nxd6 Nxd6 19. Qb4 Qd7 20. Rfe1 Nf5
21. Qb6 Ne7 22. Rc5 1/2-1/2

[Event "8. Wunsiedel Schach-Festival Meisterturn"]
[Site "Wunsiedel"]
[Date "2014.05.31"]
[Round "6.14"]
[White "Ott, Florian"]
[Black "Seyb, Alexander"]
[Result "0-1"]
[WhiteElo "2133"]
[BlackElo "2383"]
[PlyCount "34"]
[EventDate "2014.05.29"]

1. d4 Nf6 2. c4 g6 3. Nc3 d5 4. Bf4 Bg7 5. e3 O-O 6. cxd5 Nxd5 7. Nxd5 Qxd5 8.
Bxc7 Nc6 9. Ne2 Bg4 10. f3 Rac8 11. Bf4 e5 12. Nc3 Qa5 13. dxe5 g5 14. Bg3 Rfd8
15. Qc1 Nxe5 16. Be2 Nxf3+ 17. Kf2 Bxc3 0-1

[Event "8. Wunsiedel Schach-Festival Meisterturn"]
[Site "Wunsiedel"]
[Date "2014.05.31"]
[Round "6.15"]
[White "Strutinskaya, Galina"]
[Black "Lodici, Lorenzo"]
[Result "1-0"]
[WhiteElo "2296"]
[BlackElo "2134"]
[PlyCount "24"]
[EventDate "2014.05.29"]

1. d4 f5 2. g3 Nf6 3. Bg2 g6 4. Nh3 Bg7 5. Nf4 Nc6 6. h4 d6 7. d5 Ne5 8. c4 c6
9. Nc3 Bd7 10. Qb3 Qb6 11. Be3 Qa6 12. c5 Nfg4 {
nicht mehr rekonstruierbar. 1-0 im 82.Zug} 1-0

[Event "8. Wunsiedel Schach-Festival Meisterturn"]
[Site "Wunsiedel"]
[Date "2014.05.31"]
[Round "6.16"]
[White "Schubert, Christian"]
[Black "Urban, Lars"]
[Result "1-0"]
[WhiteElo "2287"]
[BlackElo "2119"]
[PlyCount "195"]
[EventDate "2014.05.29"]

1. d4 d5 2. c4 e6 3. Nf3 Nf6 4. g3 Bb4+ 5. Bd2 Bd6 6. Nc3 c6 7. Bg2 Nbd7 8. c5
Bc7 9. O-O e5 10. b4 O-O 11. b5 exd4 12. Nxd4 cxb5 13. c6 Ne5 14. cxb7 Bxb7 15.
Ncxb5 Ba5 16. Nd6 Ba6 17. Qa4 Bxd2 18. Qxa6 Bc3 19. Rad1 Bxd4 20. Rxd4 Rb8 21.
Nf5 g6 22. Ne3 Rb6 23. Qa4 Nc6 24. Rd2 Ne7 25. Qxa7 Rd6 26. Rfd1 Nc8 27. Qd4
Nb6 28. a4 Qa8 29. Ra1 Qa5 30. Rda2 Rc8 31. Qd2 Qa6 32. a5 Nc4 33. Qd4 Nxe3 34.
Qxe3 d4 35. Qd3 Qxd3 36. exd3 Rc7 37. a6 Ra7 38. Bb7 Rb6 39. Kg2 Ne8 40. Ra4
Nc7 41. Rxd4 Nxa6 42. Bxa6 Raxa6 43. Rxa6 Rxa6 44. Kf3 Kg7 45. Re4 h5 46. h4 f5
47. Re8 Kf7 48. Re3 Rd6 49. Ke2 Ra6 50. Re5 Kf6 51. Rb5 g5 52. hxg5+ Kxg5 53.
Rb4 Re6+ 54. Kd2 Re7 55. Rf4 Ra7 56. Rd4 Ra5 57. Ke3 Re5+ 58. Kf3 Ra5 59. Rd8
Ra3 60. Ke3 Ra2 61. Rg8+ Kf6 62. Re8 Kg6 63. d4 Ra3+ 64. Kf4 Ra2 65. f3 Rd2 66.
Rd8 Rd3 67. Rd5 Kh6 68. Rd6+ Kg7 69. d5 Kf7 70. Rh6 Rxd5 71. Rxh5 Ke6 72. g4
Rd4+ 73. Ke3 Rd5 74. g5 Ke5 75. f4+ Ke6 76. Rh8 Kf7 77. Ra8 Ke7 78. Ra6 Kf7 79.
Rf6+ Ke7 80. Rh6 Kf7 81. Rh2 Ra5 82. Kd4 Ke6 83. Re2+ Kf7 84. Re5 Ra4+ 85. Ke3
Ra3+ 86. Kf2 Kg6 87. Re3 Ra4 88. Kg3 Ra1 89. Re6+ Kg7 90. Rf6 Ra5 91. Kh4 Rb5
92. Kh5 Ra5 93. Rg6+ Kh7 94. Rb6 Kg7 95. Rb7+ Kf8 96. g6 Ra1 97. Kg5 Ra5 98.
Rf7+ 1-0

[Event "8. Wunsiedel Schach-Festival Meisterturn"]
[Site "Wunsiedel"]
[Date "2014.05.31"]
[Round "6.18"]
[White "Hilverda, Alexander"]
[Black "Barthel, Tilman"]
[Result "1-0"]
[WhiteElo "2273"]
[BlackElo "2084"]
[PlyCount "129"]
[EventDate "2014.05.29"]

1. Nf3 Nf6 2. d4 c5 3. d5 d6 4. c4 e6 5. Nc3 exd5 6. cxd5 g6 7. h3 Bg7 8. e4
O-O 9. Bd3 Na6 10. O-O Nc7 11. Re1 Re8 12. a4 a6 13. a5 Nb5 14. Bg5 Nxc3 15.
bxc3 h6 16. Bd2 g5 17. Nh2 Re7 18. Ng4 Bxg4 19. hxg4 Qd7 20. f3 Rae8 21. Qc2
Qc7 22. g3 c4 23. Bf1 Qc8 24. Kg2 Nd7 25. Rab1 Ne5 26. Be3 h5 27. Bxg5 hxg4 28.
Bxe7 gxf3+ 29. Kh1 Rxe7 30. Qd2 Qc5 31. Qg5 f6 32. Qe3 Qxa5 33. Bh3 Qa2 34. Ra1
Qc2 35. Rac1 Qa4 36. Ra1 Qe8 37. Ra2 Nd3 38. Rf1 f2 39. Qf3 Rxe4 40. Be6+ Rxe6
41. dxe6 Qxe6 42. g4 f5 43. Qxf5 Qxf5 44. gxf5 Bxc3 45. Rc2 Bb4 46. Rxc4 Bc5
47. Rc3 Ne5 48. Kg2 Kf7 49. Kg3 b5 50. Kf4 Nc4 51. Rc2 Ne3 52. Rcxf2 Nxf1 53.
Rxf1 b4 54. Ra1 Bd4 55. Rxa6 Be5+ 56. Kg5 Bf6+ 57. Kg4 Be7 58. Rb6 d5 59. Kf4
d4 60. Ke4 Bf6 61. Rxb4 Ke7 62. Rb7+ Ke8 63. Kd5 d3 64. Ke6 Bg5 65. f6 1-0

[Event "8. Wunsiedel Schach-Festival Meisterturn"]
[Site "Wunsiedel"]
[Date "2014.05.31"]
[Round "6.19"]
[White "Hecht, Carsten"]
[Black "Schmid, Roland (NT)"]
[Result "1-0"]
[WhiteElo "2121"]
[BlackElo "2243"]
[PlyCount "39"]
[EventDate "2014.05.29"]

1. e4 c5 2. Nf3 d6 3. d4 cxd4 4. Nxd4 Nf6 5. Nc3 a6 6. Bg5 e6 7. f4 Qc7 8. Qe2
Nc6 9. O-O-O Be7 10. g4 Nxd4 11. Rxd4 b5 12. Bg2 Bb7 13. Bxf6 gxf6 14. Re1 Qc5
15. Rd3 O-O 16. Rh3 Kh8 17. g5 Kg7 18. Qh5 Rh8 19. Qh6+ Kg8 20. gxf6 1-0

[Event "8. Wunsiedel Schach-Festival Meisterturn"]
[Site "Wunsiedel"]
[Date "2014.05.31"]
[Round "6.20"]
[White "Hahn, Florian"]
[Black "Schelle, Artur"]
[Result "0-1"]
[WhiteElo "2116"]
[BlackElo "2237"]
[PlyCount "92"]
[EventDate "2014.05.29"]

1. d4 g6 2. g3 Bg7 3. Bg2 d6 4. h4 Nf6 5. Nh3 O-O 6. Bg5 h6 7. Bxf6 Bxf6 8. Qd2
Bg7 9. h5 g5 10. f4 g4 11. Nf2 f5 12. e4 c6 13. e5 d5 14. Nd3 e6 15. Nc5 b6 16.
Nb3 Rf7 17. Kf2 Bf8 18. Bf1 a5 19. c3 Bd7 20. Bd3 Be8 21. Qc2 a4 22. N3d2 c5
23. Na3 cxd4 24. cxd4 Nc6 25. Nb5 Nb4 26. Qb1 Rc8 27. a3 Bxb5 28. axb4 Qe8 29.
Qf1 Bxd3 30. Qxd3 Bxb4 31. Nf1 a3 32. bxa3 Rc3 33. Qb1 Rf3+ 34. Kg2 Bc3 35. Ra2
Rb7 36. Rc2 Qa4 37. Qc1 Qxd4 38. Nh2 Re3 39. Rf1 Qe4+ 40. Kf2 Rc7 41. Qxe3 Bd4
42. Rxc7 Bxe3+ 43. Ke2 Bxf4+ 44. Kf2 Qe3+ 45. Kg2 Qxg3+ 46. Kh1 Qxh2# 0-1

[Event "8. Wunsiedel Schach-Festival Meisterturn"]
[Site "Wunsiedel"]
[Date "2014.05.31"]
[Round "6.21"]
[White "Promyshlyanskyy, Vitaliy"]
[Black "Brem, Stephan"]
[Result "1/2-1/2"]
[WhiteElo "2235"]
[BlackElo "2090"]
[PlyCount "62"]
[EventDate "2014.05.29"]

1. e4 g6 2. d4 Bg7 3. Nc3 c5 4. Be3 Qa5 5. Nge2 Nf6 6. f3 d6 7. Qd2 Nc6 8. dxc5
dxc5 9. Nc1 Be6 10. Bb5 Rd8 11. Bxc6+ bxc6 12. Qf2 Nxe4 13. fxe4 Bxc3+ 14. bxc3
Qxc3+ 15. Bd2 Qxa1 16. O-O Rxd2 17. Qxd2 Qe5 18. Qh6 Qxe4 19. Nd3 Bd5 20. Nf4
e5 21. Nxd5 cxd5 22. Qg7 Rf8 23. Rb1 Qd4+ 24. Kh1 Ke7 25. Rb7+ Ke6 26. h3 Qf4
27. Qxf8 Qf1+ 28. Kh2 Qf4+ 29. Kg1 Qc1+ 30. Kf2 Qd2+ 31. Kg1 Qc1+ 1/2-1/2

[Event "8. Wunsiedel Schach-Festival Meisterturn"]
[Site "Wunsiedel"]
[Date "2014.05.31"]
[Round "6.22"]
[White "Buckels, Valentin"]
[Black "Spitzl, Bertram"]
[Result "0-1"]
[WhiteElo "2100"]
[BlackElo "2223"]
[PlyCount "44"]
[EventDate "2014.05.29"]

1. d4 Nf6 2. c4 g6 3. Nf3 Bg7 4. g3 d5 5. cxd5 Nxd5 6. Bg2 O-O 7. O-O Nb6 8.
Nc3 Nc6 9. d5 Na5 10. Qc2 c6 11. dxc6 Nxc6 12. Rd1 Bf5 13. e4 Bd7 14. Bf4 Rc8
15. Rac1 Qe8 16. Qe2 Bg4 17. Be3 Ne5 18. Bxb6 axb6 19. Nd5 Rxc1 20. Rxc1 Qd8
21. Rd1 e6 22. Nc3 Qf6 0-1

[Event "8. Wunsiedel Schach-Festival Meisterturn"]
[Site "Wunsiedel"]
[Date "2014.05.31"]
[Round "6.23"]
[White "Stadler, Alexander"]
[Black "Zenker, Ulrich"]
[Result "1-0"]
[WhiteElo "2071"]
[BlackElo "2218"]
[PlyCount "67"]
[EventDate "2014.05.29"]

1. Nf3 d6 2. d4 g6 3. c4 f5 4. Nc3 Nf6 5. Qc2 c6 6. g3 Bg7 7. Bg2 O-O 8. O-O
Qc7 9. e4 fxe4 10. Nxe4 Nxe4 11. Qxe4 Bf5 12. Qe3 e5 13. dxe5 dxe5 14. Rd1 Nd7
15. Bd2 e4 16. Nd4 Bg4 17. Re1 Rae8 18. Bc3 Ne5 19. b3 Nf3+ 20. Bxf3 Bxf3 21.
Nxf3 Rxf3 22. Qxf3 exf3 23. Rxe8+ Bf8 24. Rd1 Kf7 25. Re3 Qc8 26. Rxf3+ Kg8 27.
Rfd3 Qf5 28. Rd8 h5 29. h4 Kf7 30. R8d7+ Ke6 31. Rxb7 Qc2 32. Re1+ Kd6 33. c5+
Kd5 34. Re5# 1-0

[Event "8. Wunsiedel Schach-Festival Meisterturn"]
[Site "Wunsiedel"]
[Date "2014.05.31"]
[Round "6.24"]
[White "Keller, Peter"]
[Black "Knechtel, Roland"]
[Result "0-1"]
[WhiteElo "2048"]
[BlackElo "2216"]
[PlyCount "67"]
[EventDate "2014.05.29"]

1. e4 c6 2. d4 d5 3. e5 Bf5 4. Nf3 e6 5. Be2 c5 6. Be3 Qb6 7. Nc3 a6 8. Na4
Qa5+ 9. c3 c4 10. b4 Qc7 11. Nh4 Be4 12. f3 Bg6 13. g3 Be7 14. Ng2 h5 15. Nf4
Bf5 16. h4 b6 17. Ng2 Nd7 18. Nb2 O-O-O 19. Qd2 Kb7 20. Nd1 Ka7 21. Nf2 f6 22.
f4 Bg6 23. g4 Nh6 24. O-O-O hxg4 25. Nxg4 Nf5 26. Rh3 Kb7 27. a4 a5 28. Kb2
axb4 29. cxb4 Ra8 30. Ra1 fxe5 31. fxe5 Nxe3 32. N4xe3 Nxe5 33. dxe5 Qxe5+ 34.
Qc3 0-1

[Event "8. Wunsiedel Schach-Festival Meisterturn"]
[Site "Wunsiedel"]
[Date "2014.05.31"]
[Round "6.25"]
[White "Hiemer, Bernd"]
[Black "Grill, Bernd"]
[Result "0-1"]
[WhiteElo "2003"]
[BlackElo "2205"]
[PlyCount "92"]
[EventDate "2014.05.29"]

1. e4 Nf6 2. d3 e5 3. c4 Bc5 4. Nc3 d6 5. Be2 Nc6 6. Nf3 a6 7. Bg5 h6 8. Bxf6
Qxf6 9. Nd5 Qd8 10. O-O O-O 11. Qd2 Nd4 12. b4 Nxf3+ 13. Bxf3 Bd4 14. Rac1 c6
15. Ne3 Qg5 16. Rfd1 g6 17. Nc2 Qxd2 18. Rxd2 Bc3 19. Rdd1 Be6 20. Rb1 a5 21.
b5 a4 22. Kf1 a3 23. Ke2 Bb2 24. bxc6 bxc6 25. Kd2 Rfb8 26. Rf1 Ra6 27. Na1 c5
28. Nb3 Rxb3 29. axb3 Bd4 30. Kc2 a2 31. Ra1 Ra3 32. Be2 Kf8 33. Bf3 Ke7 34.
Be2 Kd8 35. Bf3 Kc7 36. Be2 Kb6 37. Bf3 Ka5 38. Be2 Kb4 39. Bf3 Ra7 40. Be2 Ka3
41. Bf3 Rb7 42. Rfb1 Bd7 43. Bd1 Bxa1 44. Rxa1 Rxb3 45. Kc1 Rxd3 46. Bc2 Rd4
0-1

[Event "8. Wunsiedel Schach-Festival Meisterturn"]
[Site "Wunsiedel"]
[Date "2014.06.01"]
[Round "7.5"]
[White "Sumets, Andrey"]
[Black "Rambaldi, Francesco"]
[Result "1/2-1/2"]
[WhiteElo "2633"]
[BlackElo "2413"]
[PlyCount "58"]
[EventDate "2014.05.29"]

1. d4 Nf6 2. c4 g6 3. Nf3 Bg7 4. e3 O-O 5. Be2 d6 6. O-O Bf5 7. d5 c6 8. Nc3
cxd5 9. cxd5 Ne4 10. Nxe4 Bxe4 11. Ng5 Bf5 12. e4 Bd7 13. Be3 Na6 14. Bxa6 bxa6
15. Bd4 Bxd4 16. Qxd4 Qb6 17. Qd2 Rab8 18. b3 a5 19. Rac1 Rfc8 20. Nf3 a4 21.
bxa4 Bxa4 22. h4 Bd7 23. h5 Rxc1 24. Rxc1 Rc8 25. Rxc8+ Bxc8 26. Kh2 f6 27.
hxg6 hxg6 28. Qh6 g5 29. Kg3 Qb4 1/2-1/2

[Event "8. Wunsiedel Schach-Festival Meisterturn"]
[Site "Wunsiedel"]
[Date "2014.06.01"]
[Round "7.6"]
[White "Troyke, Christian"]
[Black "Van Den Doel, Erik"]
[Result "0-1"]
[WhiteElo "2332"]
[BlackElo "2551"]
[PlyCount "124"]
[EventDate "2014.05.29"]

1. g3 e5 2. c4 Nf6 3. Bg2 d5 4. cxd5 Nxd5 5. Nc3 Nb6 6. Nf3 Nc6 7. O-O Be7 8.
b3 O-O 9. Bb2 Re8 10. d3 Bf8 11. Rc1 Nd4 12. Nd2 c6 13. e3 Ne6 14. Nf3 Ng5 15.
Nxg5 Qxg5 16. d4 exd4 17. Qxd4 Rd8 18. Qe4 Bf5 19. Qe5 Nd7 20. Qf4 Qxf4 21.
gxf4 Nc5 22. Rcd1 Bc2 23. Rxd8 Rxd8 24. Ba3 Rd2 25. Bc1 Rd3 26. Bb2 Rd7 27. Ba3
Na4 28. Rc1 Rd2 29. Bxf8 Nxc3 30. Bb4 Ne2+ 31. Kf1 Nxc1 32. Bxd2 Nxa2 33. b4
Kf8 34. Ke1 Ke7 35. b5 cxb5 36. Bxb7 b4 37. Ba6 Nc3 38. f3 f5 39. Bc1 Ba4 40.
Bb2 Bc6 41. Kd2 Bxf3 42. Bxc3 bxc3+ 43. Kxc3 Kd6 44. Kd4 Be4 45. h4 h6 46. Kc4
Kc6 47. Kb4 Kb6 48. Bc8 a5+ 49. Kc4 Kc6 50. Be6 Kd6 51. Bc8 Kc6 52. Be6 Bb1 53.
Bc8 g6 54. Kb3 Kd5 55. Bb7+ Kc5 56. Bc8 a4+ 57. Kxa4 Kc4 58. Be6+ Kc3 59. Bf7
Kd2 60. Bxg6 Kxe3 61. Kb4 Kxf4 62. Kc3 Ke3 0-1

[Event "8. Wunsiedel Schach-Festival Meisterturn"]
[Site "Wunsiedel"]
[Date "2014.06.01"]
[Round "7.7"]
[White "Baldauf, Marco"]
[Black "Stocek, Jiri"]
[Result "0-1"]
[WhiteElo "2407"]
[BlackElo "2540"]
[PlyCount "76"]
[EventDate "2014.05.29"]

1. d4 e6 2. c4 f5 3. g3 Nf6 4. Bg2 Bb4+ 5. Bd2 Bxd2+ 6. Qxd2 O-O 7. Nc3 d6 8.
Nf3 Qe7 9. O-O c6 10. Rad1 Bd7 11. Rfe1 d5 12. Rb1 Be8 13. b4 Nbd7 14. b5 Nb6
15. bxc6 bxc6 16. Ne5 Ng4 17. Nxg4 Nxc4 18. Nh6+ Kh8 19. Qf4 Rf6 20. Na4 Rxh6
21. h4 e5 22. dxe5 Re6 23. Qd4 Rxe5 24. Bf3 h6 25. Rec1 Bg6 26. Nc5 Qe8 27. Rb7
Re7 28. Rcb1 Nd6 29. Rxe7 Qxe7 30. Rb3 Nb5 31. Qe3 Qd6 32. a4 Re8 33. Qc1 Nd4
34. Rb7 Rxe2 35. Qc3 Nxf3+ 36. Kf1 Re1+ 37. Kg2 Rg1+ 38. Kxf3 Bh5+ 0-1

[Event "8. Wunsiedel Schach-Festival Meisterturn"]
[Site "Wunsiedel"]
[Date "2014.06.01"]
[Round "7.8"]
[White "Vovk, Andrey"]
[Black "Köpke, Christian"]
[Result "1-0"]
[WhiteElo "2622"]
[BlackElo "2329"]
[PlyCount "67"]
[EventDate "2014.05.29"]

1. e4 c5 2. Nf3 d6 3. d4 cxd4 4. Nxd4 Nf6 5. Nc3 g6 6. Be3 Bg7 7. f3 O-O 8. Qd2
Nc6 9. g4 Be6 10. O-O-O Nxd4 11. Bxd4 Qa5 12. Kb1 Rfc8 13. a3 Rab8 14. Be2 b5
15. Bxf6 Bxf6 16. Nd5 Qxd2 17. Nxf6+ Kg7 18. Rxd2 Kxf6 19. f4 g5 20. e5+ dxe5
21. f5 Bc4 22. Bf3 b4 23. b3 bxa3 24. Ka2 Bb5 25. h4 Rc3 26. Be4 h6 27. hxg5+
Kxg5 28. f6 Kxf6 29. Rf2+ Ke6 30. Rxh6+ f6 31. Rd2 Bc6 32. Bf5+ Kf7 33. Rh7+
Kg8 34. Rdh2 1-0

[Event "8. Wunsiedel Schach-Festival Meisterturn"]
[Site "Wunsiedel"]
[Date "2014.06.01"]
[Round "7.9"]
[White "Meister, Jakob"]
[Black "Hilverda, Alexander"]
[Result "1-0"]
[WhiteElo "2476"]
[BlackElo "2273"]
[PlyCount "85"]
[EventDate "2014.05.29"]

1. e4 c5 2. Nf3 e6 3. d4 cxd4 4. Nxd4 Nc6 5. Be3 Nf6 6. Nd2 Qc7 7. Nb5 Qb8 8.
c4 Be7 9. f4 d6 10. Bd3 Nb4 11. Bb1 Na6 12. O-O e5 13. f5 Nc5 14. b4 Ncd7 15.
Bd3 b6 16. a3 Bb7 17. Kh1 Bc6 18. Nc3 a6 19. Qe2 h5 20. Rab1 h4 21. Kg1 Qd8 22.
Rfd1 Nh5 23. Nf3 Nf4 24. Qf1 h3 25. g3 Ng2 26. Bc1 Nf6 27. Qe2 b5 28. Ne1 Qb6+
29. Kh1 Nxe1 30. Rxe1 bxc4 31. Bxc4 Nxe4 32. Nxe4 d5 33. Be3 Qb7 34. b5 dxc4
35. bxc6 Qxc6 36. Qf3 Rc8 37. Rb6 Qa4 38. f6 gxf6 39. Nxf6+ Bxf6 40. Qxf6 Rh5
41. Bc5 Rxc5 42. Rb8+ Kd7 43. Rd8+ 1-0

[Event "8. Wunsiedel Schach-Festival Meisterturn"]
[Site "Wunsiedel"]
[Date "2014.06.01"]
[Round "7.10"]
[White "Knechtel, Roland"]
[Black "Maiwald, Jens-Uwe"]
[Result "0-1"]
[WhiteElo "2216"]
[BlackElo "2474"]
[PlyCount "62"]
[EventDate "2014.05.29"]

1. d4 d5 2. c4 dxc4 3. Nf3 Nf6 4. e3 Bg4 5. Bxc4 e6 6. h3 Bh5 7. Nc3 Nc6 8. Bb5
Bd6 9. O-O O-O 10. b3 Qe7 11. Bb2 Rfd8 12. Qe2 Nb4 13. a3 Nbd5 14. Rfc1 Nxc3
15. Rxc3 Ne4 16. Rcc1 Ng5 17. Kf1 Nxf3 18. gxf3 Qh4 19. Kg2 Be7 20. e4 e5 21.
d5 Qg5+ 22. Kh1 c6 23. Bc4 Qf4 24. Rc3 b5 25. Rg1 bxc4 26. Bc1 Qh4 27. Rg3 cxd5
28. exd5 Qd4 29. Rxc4 Qxd5 30. Kg2 Rac8 31. Bh6 Bg6 0-1

[Event "8. Wunsiedel Schach-Festival Meisterturn"]
[Site "Wunsiedel"]
[Date "2014.06.01"]
[Round "7.11"]
[White "Seyb, Alexander"]
[Black "Maurer, Jochen"]
[Result "1/2-1/2"]
[WhiteElo "2383"]
[BlackElo "2269"]
[PlyCount "85"]
[EventDate "2014.05.29"]

1. e4 c5 2. Nf3 e6 3. d4 cxd4 4. Nxd4 Nc6 5. Nc3 Qc7 6. g3 a6 7. Bg2 Nf6 8. O-O
Nxd4 9. Qxd4 Bc5 10. Bf4 d6 11. Qd2 h6 12. Na4 e5 13. Nxc5 dxc5 14. Be3 Be6 15.
f3 O-O 16. Rfd1 Rfd8 17. Qc3 b6 18. Rxd8+ Rxd8 19. b4 c4 20. Bf1 Nh7 21. a4 b5
22. axb5 axb5 23. Ra7 Qd6 24. Be2 f6 25. Qa3 Bd7 26. Qa5 Rc8 27. Ra6 Qc7 28. c3
Ng5 29. Qa2 Bc6 30. Ra7 Qd8 31. Qa6 Ne6 32. Kf2 Rc7 33. Qb6 Rxa7 34. Qxd8+ Nxd8
35. Bxa7 g5 36. Ke3 Ne6 37. Bb8 Kf7 38. Bf1 Ke7 39. Bh3 Kf7 40. Bd6 Bb7 41. Bg4
Bc6 42. Bh5+ Kg7 43. f4 1/2-1/2

[Event "8. Wunsiedel Schach-Festival Meisterturn"]
[Site "Wunsiedel"]
[Date "2014.06.01"]
[Round "7.12"]
[White "Schelle, Artur"]
[Black "Schmidt, Raul"]
[Result "0-1"]
[WhiteElo "2237"]
[BlackElo "2356"]
[PlyCount "94"]
[EventDate "2014.05.29"]

1. e4 e6 2. d4 d5 3. e5 c5 4. c3 Bd7 5. Nf3 Nc6 6. Be2 Nge7 7. Na3 cxd4 8. cxd4
Nf5 9. Nc2 Nb4 10. O-O Nxc2 11. Qxc2 Qb6 12. Qd3 Be7 13. g4 Nh4 14. Nxh4 Bxh4
15. Be3 Be7 16. g5 O-O 17. Kh1 Rac8 18. Rfb1 Rc4 19. Qd1 Rc7 20. a4 a5 21. Bd3
Rfc8 22. h4 Be8 23. Kg2 Bf8 24. h5 Qb4 25. Ra3 Qb6 26. Raa1 Qb4 27. Ra3 Ra8 28.
g6 fxg6 29. hxg6 Bxg6 30. Bxg6 hxg6 31. Qg4 Qe7 32. Rc3 Rxc3 33. bxc3 Qf7 34.
Rb6 Re8 35. Rb5 Rc8 36. Rxa5 Rxc3 37. Ra8 Qf5 38. Kg3 Rb3 39. a5 Rb1 40. Qxf5
gxf5 41. a6 bxa6 42. Rxa6 Kf7 43. Ra7+ Be7 44. Kg2 Rb8 45. Bg5 Re8 46. Kf3 Kf8
47. Rb7 Bxg5 0-1

[Event "8. Wunsiedel Schach-Festival Meisterturn"]
[Site "Wunsiedel"]
[Date "2014.06.01"]
[Round "7.13"]
[White "Stips, Felix"]
[Black "Stadler, Alexander"]
[Result "1/2-1/2"]
[WhiteElo "2312"]
[BlackElo "2071"]
[PlyCount "48"]
[EventDate "2014.05.29"]

1. Nf3 d5 2. c4 c6 3. e3 Nf6 4. Nc3 e6 5. b3 Bd6 6. d4 Nbd7 7. Be2 O-O 8. O-O
dxc4 9. bxc4 e5 10. Qc2 exd4 11. exd4 Re8 12. Bd3 Nf8 13. Bg5 Bg4 14. Nd2 Be7
15. Nb3 Bh5 16. Rfe1 Bg6 17. Bxg6 Nxg6 18. Rad1 h6 19. Bxf6 Bxf6 20. Rxe8+ Qxe8
21. Ne4 Be7 22. d5 cxd5 23. cxd5 Rd8 24. d6 Bxd6 1/2-1/2